الديون المتعثرة : الظاهره - الاسباب - العلاج : (مدخل متكامل مع العملاء المتعثرين فى سداد الديون) /
لكل كتاب قضية وقضية هذا الكتاب هى قضية الوجود والحياة الإنسانية بكافة مراحلها قضية العلاقة بين ظلام الجهل والكذب وبين ضياء العلم والحقيقة فعلى الرغم من ان ظاهرة التعثر المالى ظاهرة قديمة قدم التعامل الإقتصادى بين البشر الا انها فى الوقت ذاته تعتبر ظاهرة جديدة وحديثة....
Saved in:
| 主要作者: | |
|---|---|
| 格式: | 图书 |
| 语言: | 阿拉伯语 |
| 出版: |
القاهرة :
ايتراك للنشر والتوزيع،
1996.
|
| 版: | ط. 1. |
| 主题: | |
| 标签: |
添加标签
没有标签, 成为第一个标记此记录!
|
MARC
| LEADER | 00000nam a22000007a 4500 | ||
|---|---|---|---|
| 003 | INP | ||
| 005 | 20181118115345.0 | ||
| 008 | 121218s1996 ua a frb 000 0 ara d | ||
| 952 | |0 0 |1 0 |4 0 |6 343_037000000000000_م_د |7 0 |8 arabic_Boo |9 2404 |a INP |b INP |c MAIN |d 2018-03-20 |l 0 |o 343.037 م د |p 002297 |r 2022-03-28 00:00:00 |w 2018-03-20 |y BK |0 0 | ||
| 999 | |c 1358 |d 1358 | ||
| 020 | |a 9775723043 |c 14.00EGP | ||
| 040 | |a EG-INP |c EG-INP |b ara | ||
| 082 | 0 | 4 | |a 343.037 |b م د |2 21 |
| 100 | 1 | |a الخضيري، محسن أحمد. | |
| 245 | 1 | 2 | |a الديون المتعثرة : |b الظاهره - الاسباب - العلاج : (مدخل متكامل مع العملاء المتعثرين فى سداد الديون) / |c محسن احمد الخضيرى. |
| 250 | |a ط. 1. | ||
| 260 | |a القاهرة : |b ايتراك للنشر والتوزيع، |c 1996. | ||
| 300 | |a 362 ص. : |b ايض. ؛ |c 24 سم . | ||
| 504 | |a يشتمل على ارجاعات ببليوجرافية. | ||
| 520 | |a لكل كتاب قضية وقضية هذا الكتاب هى قضية الوجود والحياة الإنسانية بكافة مراحلها قضية العلاقة بين ظلام الجهل والكذب وبين ضياء العلم والحقيقة فعلى الرغم من ان ظاهرة التعثر المالى ظاهرة قديمة قدم التعامل الإقتصادى بين البشر الا انها فى الوقت ذاته تعتبر ظاهرة جديدة وحديثة. | ||
| 650 | 7 | |a الديون. |2 qrmak | |
| 650 | 7 | |a الافلاس. |2 qrmak | |
| 650 | 7 | |a اتفاقيات الدفع. |2 qrmak | |
| 901 | |a EGPV4 | ||
| 902 | |a EGPV5 | ||
| 903 | |a copycat | ||
| 942 | |c BK |2 ddc | ||